| 000 | 01638nam a2200397 a 4500 | ||
|---|---|---|---|
| 001 | ebr10209738 | ||
| 003 | CaPaEBR | ||
| 006 | m u | ||
| 007 | cr cn||||||||| | ||
| 008 | 051026s2005 enka sb 001 0 eng d | ||
| 010 | _z 2005296316 | ||
| 015 |
_aGBA514398 _2bnb |
||
| 016 | 7 |
_z013113192 _2Uk |
|
| 020 | _z1850438595 (hbk.) | ||
| 024 | 3 | _a9781850438595 | |
| 040 |
_aCaPaEBR _cCaPaEBR |
||
| 035 | _a(OCoLC)320323148 | ||
| 043 | _ae-aa--- | ||
| 050 | 1 | 4 |
_aDR978 _b.D42 2005eb |
| 082 | 0 | 4 |
_a949.6504 _222 |
| 100 | 1 | _aDe Waal, Clarissa. | |
| 245 | 1 | 0 |
_aAlbania today _h[electronic resource] : _ba portrait of post-communist turbulence / _cClarissa de Waal. |
| 260 |
_aLondon ; _aNew York : _bI. B. Tauris ; _aNew York : _bIn the U.S. and Canada distributed by St. Martins Press, _c2005. |
||
| 300 |
_avii, 268 p. : _bill. |
||
| 500 | _aPublished in association the Centre for Albanian Studies. | ||
| 504 | _aIncludes bibliographical references (p. [261]-262) and index. | ||
| 533 |
_aElectronic reproduction. _bPalo Alto, Calif. : _cebrary, _d2013. _nAvailable via World Wide Web. _nAccess may be limited to ebrary affiliated libraries. |
||
| 651 | 0 |
_aAlbania _xHistory _y1990- |
|
| 651 | 0 |
_aAlbania _xSocial conditions _y20th century. |
|
| 651 | 0 |
_aAlbania _xEconomic conditions _y20th century. |
|
| 651 | 0 |
_aAlbania _xPolitics and government _y1990- |
|
| 655 | 7 |
_aElectronic books. _2local |
|
| 710 | 2 | _aCentre for Albanian Studies (London, England) | |
| 710 | 2 | _aebrary, Inc. | |
| 856 | 4 | 0 |
_uhttp://site.ebrary.com/lib/rucke/Doc?id=10209738 _zAn electronic book accessible through the World Wide Web; click to view |
| 999 |
_c124509 _d124509 |
||